000 00446nam a2200181Ia 4500
001 16307
005 20260306170300.0
008 260306t2013||||xx |||||||||||||| ||und||
041 _aESP
082 _a347.704
_bU61
100 _aUniversidad del Pacífico
_eAUT
245 0 _aEnsayos de derecho contractual financiero
260 _c2013
300 _a173 páginas :
_c23 cm.
650 _aGEN
654 _aCAN
942 _cLIB
_dJUS
_fJUS
_2ddc
_n
999 _c16307
_d16307